|
|
|
|
| LEADER |
00000nam a2200000 4500 |
| 001 |
vtls012235373 |
| 003 |
SK-MaSNL |
| 005 |
20260301050139.0 |
| 007 |
co bg auuua |
| 008 |
230720s2022 xo ael fqfn 000 0 eng |
| 020 |
|
|
|a 9788022752640
|q (elektronická kniha)
|
| 040 |
|
|
|a SNK
|b slo
|c SNK
|e rda
|
| 041 |
0 |
|
|a eng
|
| 044 |
|
|
|a xo
|c SK
|
| 072 |
|
7 |
|a 69
|x Stavebníctvo
|2 konspekt
|
| 080 |
|
|
|a 69.056.52
|2 2011
|
| 080 |
|
|
|a 69.059.3
|2 2011
|
| 080 |
|
|
|a (0.034.2)
|2 2011
|
| 080 |
|
|
|a (0.034.44)
|2 2011
|
| 080 |
|
|
|a 699.86
|2 2011
|
| 080 |
|
|
|a 69.059.25
|2 2011
|
| 080 |
|
|
|a (048.83)
|2 2011
|
| 080 |
|
|
|a (035)
|2 2011
|
| 100 |
1 |
|
|a Menďan, Rastislav,
|d 1969-
|4 aut
|9 355299
|
| 245 |
1 |
0 |
|a Complex thermal-technical analysis of the row panel apartment house of type T 06 B KE in original state
|b odborná príručka
|n (Part 1)
|c Rastislav Menďan, Monika Pavčeková, Boris Vavrovič
|
| 250 |
|
|
|a 1. vydanie
|
| 264 |
|
1 |
|a Bratislava
|b SPEKTRUM STU
|c 2022
|
| 300 |
|
|
|a 1 CD-ROM
|c 12 cm
|
| 336 |
|
|
|a text
|b txt
|2 rdacontent
|
| 336 |
|
|
|a statický obraz
|b sti
|2 rdacontent
|
| 337 |
|
|
|a počítač
|b c
|2 rdamedia
|
| 338 |
|
|
|a počítačový disk
|b cd
|2 rdacarrier
|
| 347 |
|
|
|a textový súbor
|b PDF
|c 3,22 MB
|2 rda
|
| 366 |
|
|
|e 100 kusov
|
| 500 |
|
|
|a Názov z titulnej obrazovky
|
| 500 |
|
|
|a Vydala Slovenská technická univerzita v Bratislave vo Vydavateľstve SPEKTRUM STU
|
| 500 |
|
|
|a Pod názvom: Slovenská technická univerzita v Bratislave, Stavebná fakulta
|
| 500 |
|
|
|a Obsahuje zoznamy použitých symbolov a jednotiek
|
| 504 |
|
|
|a Obsahuje bibliografiu na strane 100-102
|
| 650 |
0 |
7 |
|a panelové domy
|2 SNKPH
|9 71125
|
| 650 |
0 |
7 |
|a rekonštrukcie stavieb
|2 SNKPH
|9 74886
|
| 650 |
0 |
7 |
|a tepelná ochrana budov
|2 SNKPH
|9 67166
|
| 650 |
0 |
7 |
|a revitalizácia budov
|2 SNKPH
|9 134976
|
| 650 |
0 |
7 |
|a Prefabricated apartment houses
|2 SNKPHeng
|9 337656
|
| 650 |
0 |
7 |
|a Reconstruction of buildings
|2 SNKPHeng
|9 329269
|
| 650 |
0 |
7 |
|a Thermal protection of buildings
|2 SNKPHeng
|9 299380
|
| 650 |
0 |
7 |
|a Building renewal
|2 SNKPHeng
|9 342195
|
| 655 |
|
7 |
|a CD-ROM
|2 SNKPH
|9 70236
|
| 655 |
|
7 |
|a elektronické zdroje
|2 SNKPH
|9 90954
|
| 655 |
|
7 |
|a analýzy
|2 SNKPH
|9 22242
|
| 655 |
|
7 |
|a Electronic resources
|2 SNKPHeng
|9 175546
|
| 655 |
|
7 |
|a Analytic studies
|2 SNKPHeng
|9 278714
|
| 655 |
|
7 |
|a príručky
|2 SNKPH
|9 74364
|
| 655 |
|
7 |
|a Handbooks, manuals, etc.
|2 SNKPHeng
|9 90964
|
| 700 |
1 |
|
|a Pavčeková, Monika,
|d 1980-
|4 aut
|9 355300
|
| 700 |
1 |
|
|a Vavrovič, Boris,
|d 1971-
|4 aut
|9 116103
|
| 710 |
2 |
|
|a Slovenská technická univerzita v Bratislave.
|b Stavebná fakulta
|4 pbl
|9 166787
|
| 852 |
|
|
|a Štátna vedecká knižnica v Banskej Bystrici
|
| 919 |
|
|
|a 978-80-227-5264-0
|
| 958 |
|
|
|a NB
|
| 999 |
|
|
|c 600251
|d 602181
|
| 952 |
|
|
|a SNK
|b SNK
|y NEVYP
|7 1
|p 17A1566607
|o snkSCDM 13651/1
|i snk2025/6536
|8 0
|0 0
|1 0
|4 0
|d 2025-04-15
|l 0
|r 2026-02-23 15:52:06
|w 2026-02-23
|